Une lettre suffit pour répondre juste #27 (attention 10 lettres tuent) - Statistiques

Statistiques générales
  • Ce quiz a été pris 61 fois
  • Le résultat moyen est 4 sur 6
Statistiques - réponses
Hint Réponse % Correct
Donne une des 5 lettres qui désigne à la fois une grande ville de Croatie et le nom du film en extrait :
SPLIT
100%
Donne une des 4 lettres du nom du Mr. qui conduit cette voiture vert citron en vidéo
BEAN
88%
Donne une des 2 lettres de l'élément chimique de numéro atomique 79, de symbole Au OR
61%
Donne une des 3 lettres de l'organisation américaine d'arts martiaux mixtes (MMA), actuellement reconnue comme la plus importante ligue mondiale de ce sport de combat (précision ce n'est pas MMA la réponse) UFC
61%
Donne la première lettre du pays en vert foncé sur l'image
Y (Yémen)
41%
Donne la dernière lettre du prénom de cet acteur qui a pour nom de famille Lincoln
W (andreW)
16%
Aucun quiz correspondant
Distribution des résultats
% des personnes avec chaque résultat
Percentile par nombre de réponses
Votre historique - résultats
Vous n’avez pas pris ce quiz